[Event "Moscow-ch"]
[Site "Moscow"]
[Date "2013.03.24"]
[Round "3"]
[White "Nikolenko, Oleg"]
[Black "Ljamin, Vladimir"]
[Result "1-0"]
[WhiteElo "2526"]
[BlackElo "2143"]
[PlyCount "61"]
[EventDate "2013.03.22"]
[EventType "swiss"]
[EventRounds "9"]
[EventCountry "RUS"]
[SourceTitle "CBM 153 Extra"]
[Source "ChessBase"]
[SourceDate "2013.04.22"]
[SourceVersion "1"]
[SourceVersionDate "2013.04.22"]
[SourceQuality "1"]

1. e4 g6 2. d4 Bg7 3. Nc3 d6 4. Nf3 Nf6 5. Be2 0-0 6. 0-0 Nbd7 7. e5 Ne8 8. Bf4 c6 9. Qd2 d5 10. Rfe1 Nc7 11. h3 Ne6 12. Bh6 b5 13. Bd3 Qb6 14. Ne2 a5 15. c3 Ba6 16. b4 Bb7 17. a3 Qa7 18. Rac1 Nb6 19. Ng3 axb4 20. axb4 Qa3 21. Bxg7 Kxg7 22. Nh4 Nc4 23. Bxc4 bxc4 24. f4 f5 25. exf6+ Rxf6 26. f5 Nd8 27. Rxe7+ Rf7 28. Rce1 Bc8 29. Nh5+ Kg8 30. Re8+ Rf8 31. Rxf8+ 1-0

[Event "Moscow-ch"]
[Site "Moscow"]
[Date "2013.03.23"]
[Round "2"]
[White "Ljamin, Vladimir"]
[Black "Balashov, Yuri S"]
[Result "0-1"]
[WhiteElo "2143"]
[BlackElo "2481"]
[PlyCount "102"]
[EventDate "2013.03.22"]
[EventType "swiss"]
[EventRounds "9"]
[EventCountry "RUS"]
[SourceTitle "CBM 153 Extra"]
[Source "ChessBase"]
[SourceDate "2013.04.22"]
[SourceVersion "1"]
[SourceVersionDate "2013.04.22"]
[SourceQuality "1"]

1. d4 Nf6 2. Nf3 g6 3. g3 Bg7 4. Bg2 0-0 5. 0-0 d6 6. a4 Nbd7 7. a5 Rb8 8. b4 a6 9. c4 e5 10. d5 e4 11. Nd4 Re8 12. Nc3 Qe7 13. e3 Ne5 14. Qb3 Bd7 15. Ba3 c6 16. c5 cxd5 17. Nxd5 Nxd5 18. Qxd5 dxc5 19. bxc5 Bc6 20. Qd6 Qg5 21. Nxc6 Nxc6 22. Rab1 Rbd8 23. Qc7 Re7 24. Qb6 Qf5 25. Bb2 Rd2 26. Bxg7 Kxg7 27. Rb2 Rxb2 28. Qxb2+ Qe5 29. Qa3 Rd7 30. Rc1 f5 31. Bf1 h5 32. h4 Kh7 33. Qa4 Qc7 34. Ra1 Rd5 35. Qb3 Rxc5 36. Rd1 Qe7 37. Bc4 Nxa5 38. Bg8+ Kg7 39. Qa2 Nc6 40. Be6 Ne5 41. Bd5 Rc7 42. Qb2 Qf6 43. Kg2 Rd7 44. Qb3 b5 45. Ra1 Nc4 46. Rd1 Nb6 47. Rd4 Kh6 48. Bg8 Rxd4 49. exd4 Qxd4 50. Qe6 Nc4 51. Bf7 Qg7 0-1

[Event "RUS-ch Seniors"]
[Site "Odintsovo"]
[Date "2011.04.25"]
[Round "7"]
[White "Ljamin, Vladimir"]
[Black "Sokolov, Yury"]
[Result "1-0"]
[WhiteElo "2110"]
[BlackElo "1920"]
[PlyCount "41"]
[EventDate "2011.04.19"]
[EventType "swiss"]
[EventRounds "9"]
[EventCountry "RUS"]
[SourceTitle "CBM 142 Extra"]
[Source "ChessBase"]
[SourceDate "2011.06.27"]
[SourceVersion "1"]
[SourceVersionDate "2011.06.27"]
[SourceQuality "1"]

1. e4 e5 2. Nf3 Nf6 3. Nxe5 Qe7 4. d4 Nxe4 5. Bd3 d5 6. 0-0 Be6 7. c4 Nf6 8. Nc3 Nbd7 9. Bf4 dxc4 10. Nxc4 Nb6 11. Re1 Qd7 12. Ne5 Qd8 13. Bb5+ c6 14. Nxc6 bxc6 15. Bxc6+ Ke7 16. d5 Nfxd5 17. Nxd5+ Nxd5 18. Bxd5 Rc8 19. Bg5+ f6 20. Rxe6+ Kf7 21. Rxf6+ 1-0

[Event "RUS-ch Seniors"]
[Site "Odintsovo"]
[Date "2011.04.24"]
[Round "6"]
[White "Golcman, Evgeny"]
[Black "Ljamin, Vladimir"]
[Result "1-0"]
[WhiteElo "2292"]
[BlackElo "2110"]
[PlyCount "85"]
[EventDate "2011.04.19"]
[EventType "swiss"]
[EventRounds "9"]
[EventCountry "RUS"]
[SourceTitle "CBM 142 Extra"]
[Source "ChessBase"]
[SourceDate "2011.06.27"]
[SourceVersion "1"]
[SourceVersionDate "2011.06.27"]
[SourceQuality "1"]

1. c4 e5 2. g3 g6 3. Bg2 Bg7 4. Nc3 Ne7 5. Nf3 c5 6. 0-0 Nbc6 7. d3 0-0 8. Bd2 d6 9. Qc1 Nd4 10. Ne1 Rb8 11. e3 Ndc6 12. a3 Be6 13. Rb1 a5 14. Nd5 b5 15. b3 b4 16. Nc2 Qd7 17. e4 Nd4 18. Nxd4 exd4 19. axb4 axb4 20. Ra1 Bxd5 21. cxd5 Ra8 22. Qc4 Qb7 23. Bf4 Qb6 24. Bg5 f6 25. Bd2 Ra5 26. Rxa5 Qxa5 27. Bf4 Rd8 28. h4 Nc8 29. Bh3 Nb6 30. Qc2 Bf8 31. h5 Na8 32. Bc1 Nc7 33. Bb2 Nb5 34. Ra1 Na3 35. Qe2 Qa6 36. hxg6 hxg6 37. Be6+ Kg7 38. Qg4 Be7 39. Bf5 Rg8 40. Qxg6+ Kf8 41. Qh7 Qxd3 42. Be6 Rxg3+ 43. Kh2 1-0

[Event "RUS-ch Seniors"]
[Site "Lesnoj Gorodok"]
[Date "2009.10.04"]
[Round "2"]
[White "Matveev, Vladimir1"]
[Black "Ljamin, Vladimir"]
[Result "1-0"]
[WhiteElo "2222"]
[BlackElo "2181"]
[PlyCount "95"]
[EventDate "2009.10.03"]
[EventType "swiss"]
[EventRounds "9"]
[EventCountry "RUS"]
[SourceTitle "CBM 132 Extra"]
[Source "ChessBase"]
[SourceDate "2009.11.03"]
[SourceVersion "1"]
[SourceVersionDate "2009.11.03"]
[SourceQuality "1"]

1. d4 Nf6 2. c4 c5 3. e3 g6 4. Nf3 Bg7 5. Nc3 0-0 6. Be2 d6 7. 0-0 Nc6 8. d5 Na5 9. Nd2 e5 10. a3 b6 11. b4 Nb7 12. b5 Ne8 13. e4 f5 14. f3 Nf6 15. a4 f4 16. Nb3 g5 17. Bd2 a5 18. bxa6 Rxa6 19. Nb5 Ne8 20. Qe1 Rf6 21. g4 Rh6 22. a5 bxa5 23. Bxa5 Nxa5 24. Rxa5 Rh4 25. Rxa6 Bxa6 26. Qa5 Qxa5 27. Nxa5 Bf8 28. Ra1 Bc8 29. Nc6 h5 30. Ra8 Bd7 31. Rd8 hxg4 32. Rxd7 gxf3 33. Bxf3 g4 34. Ne7+ Bxe7 35. Rxe7 Kf8 36. Rxe8+ Kxe8 37. Nxd6+ Kd7 38. Nf5 Rh3 39. Bxg4 Rc3 40. Nd4+ Ke8 41. Nb5 Rc2 42. d6 Rxc4 43. d7+ Kd8 44. Nd6 Rd4 45. Nb7+ Ke7 46. d8Q+ Rxd8 47. Nxd8 Kxd8 48. Be2 1-0

[Event "RUS-ch Seniors"]
[Site "Odintsovo"]
[Date "2008.10.09"]
[Round "7"]
[White "Stoletov, Gennadi"]
[Black "Ljamin, Vladimir"]
[Result "0-1"]
[WhiteElo "2297"]
[BlackElo "2143"]
[PlyCount "60"]
[EventDate "2008.10.02"]
[EventType "swiss"]
[EventRounds "9"]
[EventCountry "RUS"]
[SourceTitle "CBM 127 Extra"]
[Source "ChessBase"]
[SourceDate "2009.01.08"]
[SourceVersion "2"]
[SourceVersionDate "2009.01.28"]
[SourceQuality "1"]

1. e4 c6 2. d4 d5 3. e5 g6 4. Bd3 Bg7 5. Ne2 c5 6. c3 Nc6 7. Nd2 Qb6 8. dxc5 Qxc5 9. Nb3 Qb6 10. Be3 Qc7 11. f4 f6 12. e6 Bxe6 13. Nc5 Bf7 14. Nd4 e5 15. Nde6 Bxe6 16. Nxe6 Qe7 17. f5 Bh6 18. Bc5 Qd7 19. 0-0 Nge7 20. Bc2 b6 21. Ba3 Rg8 22. Kh1 Nxf5 23. Bxf5 gxf5 24. Qh5+ Rg6 25. Qxf5 Ne7 26. Qh3 f5 27. Ng7+ Bxg7 28. Qxh7 Qe6 29. Qh4 Rh6 30. Qf2 f4 0-1

[Event "Moscow op-B 04th"]
[Site "Moscow"]
[Date "2008.02.08"]
[Round "7"]
[White "Ljamin, Vladimir"]
[Black "Konovalov, Vladislav"]
[Result "0-1"]
[WhiteElo "2152"]
[BlackElo "2258"]
[PlyCount "88"]
[EventDate "2008.02.02"]
[EventType "swiss"]
[EventRounds "9"]
[EventCountry "RUS"]
[SourceTitle "CBM 122 Extra"]
[Source "ChessBase"]
[SourceDate "2008.03.04"]
[SourceVersion "1"]
[SourceVersionDate "2008.03.04"]
[SourceQuality "1"]

1. c4 Nf6 2. d4 d6 3. Nf3 g6 4. Nc3 Bg7 5. g3 0-0 6. Bg2 Nbd7 7. 0-0 e5 8. d5 a5 9. e4 Nc5 10. Ne1 Bd7 11. Nd3 b6 12. f4 exf4 13. Nxc5 bxc5 14. Bxf4 Ng4 15. Qd2 Ne5 16. b3 a4 17. Bg5 Nxc4 18. bxc4 Bxc3 19. Bxd8 Bxd2 20. Bxc7 Ra6 21. Rab1 Bc3 22. Rb7 a3 23. Bf3 Bh3 24. Bg2 Bc8 25. Rb3 Bd4+ 26. Kh1 Bg4 27. Bf3 Bh3 28. Bg2 Bxg2+ 29. Kxg2 Be5 30. Rff3 Rfa8 31. Rfd3 R6a7 32. Bb6 Ra4 33. Kf3 Kf8 34. Re3 Ke7 35. Ke2 Rxc4 36. Rxa3 Rc2+ 37. Kf3 Rxa2 38. Rxa8 Rxa8 39. h4 h5 40. g4 Ra2 41. gxh5 gxh5 42. Re1 Ra3+ 43. Kg2 Rg3+ 44. Kf2 Rb3 0-1

[Event "Moscow op-B 04th"]
[Site "Moscow"]
[Date "2008.02.04"]
[Round "3"]
[White "Ljamin, Vladimir"]
[Black "Medvedev, Nikolai"]
[Result "1-0"]
[WhiteElo "2152"]
[BlackElo "1983"]
[PlyCount "51"]
[EventDate "2008.02.02"]
[EventType "swiss"]
[EventRounds "9"]
[EventCountry "RUS"]
[SourceTitle "CBM 122 Extra"]
[Source "ChessBase"]
[SourceDate "2008.03.04"]
[SourceVersion "1"]
[SourceVersionDate "2008.03.04"]
[SourceQuality "1"]

1. d4 d5 2. Nf3 Nf6 3. c4 c6 4. Nc3 dxc4 5. a4 Bf5 6. Ne5 e6 7. e3 Bb4 8. Bxc4 Nbd7 9. Nd3 Bd6 10. f3 Nd5 11. e4 Nxc3 12. bxc3 Bg6 13. Be3 Qc7 14. e5 Be7 15. Nf4 Bf5 16. 0-0 Nb6 17. Be2 Nd5 18. Nxd5 cxd5 19. Bb5+ Kd8 20. Bd2 h5 21. g3 h4 22. g4 Bg6 23. f4 f5 24. exf6 gxf6 25. f5 exf5 26. Bd3 1-0

[Event "Moscow-ch op sf"]
[Site "Moscow"]
[Date "2007.03.21"]
[Round "8"]
[White "Prokopchuk, Yury"]
[Black "Ljamin, Vladimir"]
[Result "1-0"]
[WhiteElo "2316"]
[BlackElo "2157"]
[PlyCount "48"]
[EventDate "2007.03.05"]
[EventType "swiss"]
[EventRounds "9"]
[EventCountry "RUS"]
[SourceTitle "EXT 2022"]
[Source "ChessBase"]
[SourceDate "2021.10.06"]
[SourceVersion "1"]
[SourceVersionDate "2021.10.06"]
[SourceQuality "1"]

1. d4 d5 2. Bg5 c6 3. e3 Qb6 4. Qc1 Bf5 5. Nf3 Nd7 6. c4 e6 7. Nc3 h6 8. Bh4 Ngf6 9. Be2 Ne4 10. Nxe4 dxe4 11. c5 Qa5+ 12. Nd2 g5 13. Bg3 Nf6 14. 0-0 Qd8 15. Nc4 Nd5 16. Be5 Rg8 17. b4 f6 18. Bg3 Qd7 19. Rb1 b5 20. cxb6 axb6 21. b5 c5 22. Nxb6 Nxb6 23. dxc5 Rc8 24. c6 Qa7 1-0

[Event "Moscow-ch op sf"]
[Site "Moscow"]
[Date "2007.03.12"]
[Round "4"]
[White "Ljamin, Vladimir"]
[Black "Soltanici, Ruslan"]
[Result "0-1"]
[WhiteElo "2157"]
[BlackElo "2372"]
[PlyCount "76"]
[EventDate "2007.03.05"]
[EventType "swiss"]
[EventRounds "9"]
[EventCountry "RUS"]
[SourceTitle "EXT 2022"]
[Source "ChessBase"]
[SourceDate "2021.10.06"]
[SourceVersion "1"]
[SourceVersionDate "2021.10.06"]
[SourceQuality "1"]

1. e4 c5 2. Nf3 d6 3. Bb5+ Nd7 4. 0-0 Ngf6 5. Re1 a6 6. Bf1 b6 7. c4 Bb7 8. Nc3 Ne5 9. d3 e6 10. h3 Be7 11. Bf4 Nfd7 12. Be3 0-0 13. Nh2 Nc6 14. g3 Bf6 15. Bg2 Rb8 16. Rb1 Ba8 17. a4 Bd4 18. Nf3 Nde5 19. Bxd4 cxd4 20. Ne2 Nxf3+ 21. Bxf3 b5 22. axb5 axb5 23. cxb5 Rxb5 24. Qd2 Qb6 25. Rec1 Rb3 26. Bg2 Ne5 27. Nf4 h6 28. Kh1 Rb8 29. Rc2 Bc6 30. Bf1 Ba4 31. Qc1 Rc3 32. Rxc3 dxc3 33. Qxc3 Qxf2 34. d4 Bc2 35. Rc1 Bxe4+ 36. Bg2 Bxg2+ 37. Nxg2 Rxb2 38. Rg1 Nf3 0-1

[Event "Eforie Nord op"]
[Site "Eforie Nord"]
[Date "2002.??.??"]
[Round "8"]
[White "Nita, Lucian"]
[Black "Ljamin, Vladimir"]
[Result "0-1"]
[WhiteElo "2123"]
[BlackElo "2250"]
[PlyCount "124"]
[EventDate "2002.??.??"]
[EventType "swiss"]
[EventRounds "11"]
[EventCountry "ROU"]
[SourceTitle "EXT 2003"]
[Source "ChessBase"]
[SourceDate "2002.11.25"]
[SourceVersion "1"]
[SourceVersionDate "2002.11.25"]
[SourceQuality "1"]

1. Nf3 d5 2. g3 g6 3. Bg2 Bg7 4. 0-0 e5 5. d3 Ne7 6. Nbd2 Nbc6 7. e4 0-0 8. c3 h6 9. Re1 d4 10. Nb3 b6 11. cxd4 Nxd4 12. Nbxd4 exd4 13. Bf4 Bg4 14. h3 Bxf3 15. Bxf3 g5 16. Bd2 Ng6 17. Bg2 Qd7 18. f4 gxf4 19. gxf4 Qb5 20. e5 Qxd3 21. Bxa8 Rxa8 22. Qe2 Qxh3 23. Qg2 Qxg2+ 24. Kxg2 Rd8 25. b4 Bf8 26. b5 a5 27. Kf3 Bc5 28. Rac1 Ne7 29. Ke4 c6 30. Rg1+ Kf8 31. f5 d3 32. Bxh6+ Ke8 33. Be3 Bxe3 34. Kxe3 cxb5 35. Ke4 d2 36. Rcd1 Rc8 37. Rxd2 Rc4+ 38. Rd4 Rxd4+ 39. Kxd4 Nxf5+ 40. Kd5 Kd7 41. Ke4 Ne7 42. Rd1+ Ke8 43. Rd6 Nc8 44. Rc6 Kd7 45. Rf6 Ke8 46. Kd5 b4 47. Kc6 a4 48. Rf4 Ne7+ 49. Kd6 b3 50. a3 b5 51. Rb4 Nf5+ 52. Kc5 Ne3 53. Rxb5 Ke7 54. Kb4 Nd1 55. Rb7+ Ke6 56. Kxa4 b2 57. Ka5 Kxe5 58. Rb4 f5 59. Kb5 Nc3+ 60. Kc4 b1Q 61. Rxb1 Nxb1 62. a4 Nd2+ 0-1